[Event "GER-ch Net Amateur Gr-A Vor1"]
[Site "Playchess.com INT"]
[Date "2020.04.14"]
[Round "4"]
[White "Frank, Christian"]
[Black "Kersten, Uwe"]
[Result "0-1"]
[WhiteElo "1936"]
[BlackElo "2090"]
[PlyCount "97"]
[EventDate "2020.04.14"]
[EventType "swiss (blitz)"]
[EventRounds "9"]
[EventCountry "GER"]
[SourceTitle "EXT 2021"]
[Source "ChessBase"]
[SourceDate "2020.10.23"]
[SourceVersion "1"]
[SourceVersionDate "2020.10.23"]
[SourceQuality "1"]

1. d4 Nf6 2. c4 c5 3. d5 g6 4. Nc3 Bg7 5. e4 d6 6. h3 0-0 7. Nf3 e6 8. Bd3 Nbd7 9. 0-0 e5 10. a3 h6 11. b4 Nh7 12. Qc2 b6 13. Rb1 Ndf6 14. Bd2 Ne8 15. Qc1 f5 16. Bxh6 f4 17. Bxg7 Kxg7 18. bxc5 bxc5 19. Nh2 Ng5 20. f3 Rh8 21. Ng4 Nf6 22. Rf2 Nxg4 23. fxg4 Rxh3 24. gxh3 Nxh3+ 25. Kg2 Nxf2 26. Kxf2 Qh4+ 27. Ke2 Qh2+ 28. Ke1 Bxg4 29. Rb7+ Kf6 30. Be2 f3 31. Qe3 fxe2 32. Nxe2 Rh8 33. Ng3 Qg2 34. Qf2+ Qxf2+ 35. Kxf2 Rh2+ 36. Ke3 Ra2 37. Rxa7 Rb2 38. a4 Rb3+ 39. Kf2 Rf3+ 40. Kg2 Kg5 41. a5 Ra3 42. a6 Kf4 43. Rf7+ Ke3 44. a7 Ra2+ 45. Kf1 Bf3 46. Kg1 Rg2+ 47. Kf1 Rxg3 48. a8Q Be2+ 49. Ke1 0-1

[Event "GER-ch Net Amateur Gr-A Vor1"]
[Site "Playchess.com INT"]
[Date "2020.04.14"]
[Round "5"]
[White "Garner, Isaac"]
[Black "Frank, Christian"]
[Result "0-1"]
[WhiteElo "1620"]
[BlackElo "1936"]
[PlyCount "82"]
[EventDate "2020.04.14"]
[EventType "swiss (blitz)"]
[EventRounds "9"]
[EventCountry "GER"]
[SourceTitle "EXT 2021"]
[Source "ChessBase"]
[SourceDate "2020.10.23"]
[SourceVersion "1"]
[SourceVersionDate "2020.10.23"]
[SourceQuality "1"]

1. e4 c5 2. Nf3 Nc6 3. d4 cxd4 4. Nxd4 Nf6 5. Nc3 e5 6. Ndb5 d6 7. Nd5 Nxd5 8. exd5 Nb8 9. a4 Be7 10. Be2 0-0 11. 0-0 f5 12. f4 a6 13. Na3 Nd7 14. Nc4 exf4 15. Bxf4 g5 16. Bxd6 Bxd6 17. Nxd6 Qb6+ 18. Kh1 Qxd6 19. c4 Nc5 20. b4 Ne4 21. c5 Qe5 22. Bd3 Qxd5 23. Qc2 Be6 24. Rad1 Qe5 25. Rfe1 Rad8 26. b5 axb5 27. axb5 Qf4 28. Rf1 Qh4 29. Rf3 g4 30. g3 Qh5 31. Re3 Qh6 32. Rde1 Bd5 33. Bc4 Qe6 34. Bxd5 Qxd5 35. Kg1 Qxc5 36. Qb3+ Qd5 37. Qb4 Qd4 38. Qe7 Nd2 39. Kg2 Nf3 40. Qe6+ Kh8 41. Rc1 Qd2+ 0-1

[Event "GER-ch U18"]
[Site "Oberhof"]
[Date "2011.06.17"]
[Round "8"]
[White "Marx, Joschka"]
[Black "Frank, Christian"]
[Result "1/2-1/2"]
[WhiteElo "2035"]
[BlackElo "2043"]
[PlyCount "118"]
[EventDate "2011.06.11"]
[EventType "swiss"]
[EventRounds "9"]
[EventCountry "GER"]
[SourceTitle "CBM 142 Extra"]
[Source "ChessBase"]
[SourceDate "2011.06.27"]
[SourceVersion "1"]
[SourceVersionDate "2011.06.27"]
[SourceQuality "1"]

1. e4 c5 2. Nf3 Nc6 3. d4 cxd4 4. Nxd4 Nf6 5. Nc3 e5 6. Ndb5 d6 7. Nd5 Nxd5 8. exd5 Nb8 9. Qf3 a6 10. Qa3 b6 11. c4 Bb7 12. Nc3 Be7 13. Be2 0-0 14. 0-0 Nd7 15. Be3 f5 16. f3 f4 17. Bf2 Rf6 18. Ne4 Rh6 19. Rac1 Qe8 20. Rfd1 Qh5 21. h3 Rg6 22. Kh2 Bh4 23. Bxh4 Qxh4 24. Qb4 Nc5 25. Qe1 Qh6 26. b4 Nxe4 27. fxe4 Rg3 28. Rc3 Re3 29. Rxe3 fxe3 30. Bf3 a5 31. c5 Qf4+ 32. Kg1 axb4 33. c6 Bc8 34. Qe2 Ba6 35. Qc2 e2 36. Re1 Qe3+ 37. Kh1 Bd3 38. Qb2 Qc5 39. Qd2 Qc3 40. Qxc3 bxc3 41. Bxe2 Bxe4 42. Bg4 Bxd5 43. c7 Bb7 44. Rc1 Bc8 45. Bf3 Ra3 46. Bd5+ Kf8 47. Bb3 Ra5 48. Rxc3 d5 49. Rc6 Ke7 50. Rxb6 Kd7 51. Kg1 Kxc7 52. Rb4 Be6 53. Kf2 Rc5 54. Ra4 Kd6 55. Ra6+ Rc6 56. Ra7 Rc7 57. Ra6+ Ke7 58. Ra5 Rd7 59. Ke2 Rd6 1/2-1/2

[Event "GER-ch U18"]
[Site "Oberhof"]
[Date "2011.06.14"]
[Round "5"]
[White "Frank, Christian"]
[Black "Bluma, Marcel"]
[Result "0-1"]
[WhiteElo "2043"]
[BlackElo "2099"]
[PlyCount "58"]
[EventDate "2011.06.11"]
[EventType "swiss"]
[EventRounds "9"]
[EventCountry "GER"]
[SourceTitle "CBM 142 Extra"]
[Source "ChessBase"]
[SourceDate "2011.06.27"]
[SourceVersion "1"]
[SourceVersionDate "2011.06.27"]
[SourceQuality "1"]

1. d4 d5 2. c4 e6 3. Nc3 c5 4. cxd5 cxd4 5. Qxd4 Nc6 6. Qd1 exd5 7. Qxd5 Bd7 8. Nf3 Nf6 9. Qd1 Bc5 10. e3 Qe7 11. Be2 0-0-0 12. Bd2 Kb8 13. a3 Bf5 14. b4 Bd6 15. 0-0 h5 16. b5 Ne5 17. Nd4 Bc8 18. Rb1 Nfg4 19. f4 Qh4 20. h3 Qg3 21. Bxg4 Nxg4 22. Nf3 Bc5 23. Qe1 Qxe1 24. Rfxe1 Rxd2 25. hxg4 Rd3 26. Ne4 Bxe3+ 27. Kf1 hxg4 28. Ne5 Rxa3 29. Nc4 Ra2 0-1

[Event "GER-ch U18"]
[Site "Oberhof"]
[Date "2011.06.12"]
[Round "1"]
[White "Bluebaum, Matthias"]
[Black "Frank, Christian"]
[Result "1-0"]
[WhiteElo "2300"]
[BlackElo "2043"]
[PlyCount "77"]
[EventDate "2011.06.11"]
[EventType "swiss"]
[EventRounds "9"]
[EventCountry "GER"]
[SourceTitle "CBM 142 Extra"]
[Source "ChessBase"]
[SourceDate "2011.06.27"]
[SourceVersion "1"]
[SourceVersionDate "2011.06.27"]
[SourceQuality "1"]

1. d4 Nf6 2. c4 e6 3. Nc3 Bb4 4. f3 d5 5. a3 Bxc3+ 6. bxc3 c5 7. cxd5 Nxd5 8. dxc5 Qa5 9. e4 Ne7 10. Be3 0-0 11. Qb3 Qc7 12. Bb5 Nec6 13. Ne2 Na5 14. Qb4 Nbc6 15. Qa4 e5 16. 0-0 Be6 17. Rab1 Rfb8 18. Bf2 b6 19. Rfd1 Nd8 20. cxb6 axb6 21. Qb4 Ndb7 22. h3 Nc5 23. Ng3 g6 24. Nf1 Nc4 25. a4 Nd6 26. Ra1 Ra5 27. c4 Rba8 28. Ne3 Nxb5 29. cxb5 Rxa4 30. Rxa4 Rxa4 31. Qc3 Qb8 32. Nd5 Nd7 33. Bg3 f6 34. Nxf6+ Nxf6 35. Bxe5 Qf8 36. Bxf6 Rc4 37. Qa1 Qc5+ 38. Kh2 Qxb5 39. Bh8 1-0

[Event "GER-ch Net qual2 U18"]
[Site "Playchess.com INT"]
[Date "2009.05.13"]
[Round "4"]
[White "Kleibel, Uwe"]
[Black "Frank, Christian"]
[Result "1-0"]
[WhiteElo "1999"]
[BlackElo "1979"]
[PlyCount "47"]
[EventDate "2009.05.13"]
[EventType "swiss (blitz)"]
[EventRounds "7"]
[EventCountry "GER"]
[SourceTitle "CBM 130 Extra"]
[Source "ChessBase"]
[SourceDate "2009.07.02"]
[SourceVersion "2"]
[SourceVersionDate "2009.07.15"]
[SourceQuality "1"]

1. e4 c5 2. Nf3 Nc6 3. Nc3 Nf6 4. Bc4 e6 5. e5 Ng4 6. Qe2 d5 7. exd6 Bxd6 8. Ne4 Be7 9. d3 Nge5 10. Bb3 0-0 11. Bf4 Nxf3+ 12. Qxf3 Nd4 13. Qe3 b5 14. c3 Nxb3 15. axb3 Bb7 16. Rd1 Qb6 17. 0-0 Rad8 18. b4 cxb4 19. Qxb6 axb6 20. Bc7 Rd7 21. Bxb6 f5 22. Nc5 Bxc5 23. Bxc5 Rc8 24. Bxb4 1-0

[Event "Niedersachsen-ch U16"]
[Site "Rotenburg"]
[Date "2009.04.07"]
[Round "5"]
[White "Frank, Christian"]
[Black "Bauschmann, Christoph"]
[Result "1-0"]
[WhiteElo "1979"]
[BlackElo "1824"]
[PlyCount "63"]
[EventDate "2009.04.04"]
[EventType "swiss"]
[EventRounds "9"]
[EventCountry "GER"]
[SourceTitle "EXT 2010"]
[Source "ChessBase"]
[SourceDate "2010.11.25"]
[SourceVersion "1"]
[SourceVersionDate "2010.11.25"]
[SourceQuality "1"]

1. d4 Nf6 2. c4 e6 3. Nc3 d5 4. Bg5 Nbd7 5. e3 Bb4 6. cxd5 exd5 7. Bd3 c5 8. Nge2 cxd4 9. exd4 0-0 10. Qb3 Be7 11. 0-0 Nb6 12. a4 a5 13. Rac1 h6 14. Bf4 g5 15. Bg3 Be6 16. Bb1 Nc4 17. Qc2 Kg7 18. Be5 Rh8 19. Ng3 Kg8 20. Qe2 Qd7 21. f4 Nxe5 22. fxe5 Ne8 23. Nb5 Rc8 24. Rxc8 Qxc8 25. Qe3 Qd7 26. Nh5 Bd8 27. Nf6+ Nxf6 28. exf6 Bb6 29. Qe5 Bd8 30. Rc1 b6 31. Qb8 Kf8 32. Nd6 1-0

[Event "Niedersachsen-ch U16"]
[Site "Rotenburg"]
[Date "2009.04.06"]
[Round "4"]
[White "Zehe, Marc Kevin"]
[Black "Frank, Christian"]
[Result "0-1"]
[WhiteElo "1575"]
[BlackElo "1979"]
[PlyCount "64"]
[EventDate "2009.04.04"]
[EventType "swiss"]
[EventRounds "9"]
[EventCountry "GER"]
[SourceTitle "EXT 2010"]
[Source "ChessBase"]
[SourceDate "2010.11.25"]
[SourceVersion "1"]
[SourceVersionDate "2010.11.25"]
[SourceQuality "1"]

1. d4 Nf6 2. Nc3 d5 3. e4 dxe4 4. Bg5 c6 5. Bxf6 exf6 6. Nxe4 Bb4+ 7. c3 0-0 8. Bd3 Re8 9. Ne2 Ba5 10. 0-0 f5 11. N4g3 g6 12. Qc2 Qh4 13. f4 Be6 14. Rae1 Bb6 15. b4 Nd7 16. Nh1 Nf6 17. g3 Qh5 18. Nf2 Bd5 19. c4 Bf3 20. c5 Bc7 21. Nc3 Rad8 22. Rxe8+ Rxe8 23. Qd2 g5 24. fxg5 Bxg3 25. hxg3 Ng4 26. Nh3 Ne3 27. Rf2 Qg4 28. Kh2 Kg7 29. a3 h5 30. a4 h4 31. gxh4 f4 32. Be2 Qg3# 0-1

[Event "Niedersachsen-ch U16"]
[Site "Rotenburg"]
[Date "2009.04.05"]
[Round "3"]
[White "Kusmierek, Kasper Jan"]
[Black "Frank, Christian"]
[Result "1-0"]
[WhiteElo "1835"]
[BlackElo "1979"]
[PlyCount "66"]
[EventDate "2009.04.04"]
[EventType "swiss"]
[EventRounds "9"]
[EventCountry "GER"]
[SourceTitle "EXT 2010"]
[Source "ChessBase"]
[SourceDate "2010.11.25"]
[SourceVersion "1"]
[SourceVersionDate "2010.11.25"]
[SourceQuality "1"]

1. e4 c5 2. c3 Nf6 3. e5 Nd5 4. d4 cxd4 5. cxd4 d6 6. Bc4 e6 7. Nf3 Nc6 8. 0-0 Be7 9. Qe2 0-0 10. Nc3 Nxc3 11. bxc3 dxe5 12. dxe5 Qa5 13. Bd2 Qa4 14. Bb3 Qg4 15. h3 Qh5 16. Bc2 Bd7 17. Kh2 f5 18. exf6 Bd6+ 19. Kg1 Rxf6 20. Qd3 e5 21. Bg5 Rxf3 22. Qxf3 Qxg5 23. Qd5+ Kh8 24. Qxd6 Bxh3 25. Qd5 Rf8 26. Rab1 Bg4 27. Qd3 Bf5 28. Qg3 Qh6 29. Bxf5 Rxf5 30. Qe3 Qh4 31. g3 Qg4 32. Rxb7 Rh5 33. Qc5 Qf3 1-0

[Event "Niedersachsen-ch U16"]
[Site "Rotenburg"]
[Date "2009.04.04"]
[Round "1"]
[White "Krause, Maximilian"]
[Black "Frank, Christian"]
[Result "0-1"]
[WhiteElo "1545"]
[BlackElo "1979"]
[PlyCount "76"]
[EventDate "2009.04.04"]
[EventType "swiss"]
[EventRounds "9"]
[EventCountry "GER"]
[SourceTitle "EXT 2010"]
[Source "ChessBase"]
[SourceDate "2010.11.25"]
[SourceVersion "1"]
[SourceVersionDate "2010.11.25"]
[SourceQuality "1"]

1. d4 Nf6 2. c4 e6 3. Nf3 c5 4. e3 b6 5. Bd3 Bb7 6. 0-0 Be7 7. Nc3 0-0 8. dxc5 bxc5 9. e4 d6 10. Bc2 Nc6 11. a3 Nd7 12. Bf4 Nde5 13. Nxe5 dxe5 14. Be3 Nd4 15. Rb1 Ba6 16. Bd3 Qd7 17. b4 Rad8 18. Qa4 Qc8 19. b5 Bb7 20. Rfd1 Qa8 21. Qa5 f5 22. f3 Rd7 23. Bf2 Rfd8 24. exf5 Nxf3+ 25. gxf3 Rxd3 26. fxe6 Bxf3 27. Rxd3 Rxd3 28. b6 Bh1 29. b7 Bxb7 30. Qc7 Rxc3 31. Qxb7 Qf8 32. Qxa7 Bd6 33. Rb7 Rc1+ 34. Kg2 Qf6 35. Qa8+ Bf8 36. Qe8 Qg5+ 37. Bg3 Rc2+ 38. Kh3 Qf5+ 0-1

[Event "Niedersachsen-ch op"]
[Site "Verden"]
[Date "2009.01.05"]
[Round "5"]
[White "Frank, Christian"]
[Black "Edel, Thomas"]
[Result "1-0"]
[WhiteElo "1936"]
[BlackElo "2060"]
[PlyCount "69"]
[EventDate "2009.01.03"]
[EventType "swiss"]
[EventRounds "7"]
[EventCountry "GER"]
[SourceTitle "EXT 2012"]
[Source "ChessBase"]
[SourceDate "2011.11.24"]
[SourceVersion "1"]
[SourceVersionDate "2011.11.24"]
[SourceQuality "1"]

1. d4 f5 2. g3 Nf6 3. Bg2 g6 4. c3 Bg7 5. Qb3 d5 6. Nh3 c6 7. Nf4 Qb6 8. Nd2 Qxb3 9. axb3 Kf7 10. Nf3 Ne4 11. Nd3 Nd7 12. Bf4 Bf6 13. Nfe5+ Kg7 14. h4 h6 15. f3 Nd6 16. Kf2 Rf8 17. Rac1 g5 18. hxg5 hxg5 19. Be3 Nf7 20. Nxf7 Rxf7 21. Rh5 Nf8 22. Rch1 g4 23. Bh6+ Kg8 24. Ne5 Bxe5 25. dxe5 Ne6 26. c4 b6 27. f4 Bb7 28. Bg5 Rg7 29. Bh6 Rf7 30. e3 a5 31. Bf1 a4 32. Bd3 Ng7 33. Bxg7 Rxg7 34. e6 Rg6 35. Bxf5 1-0

[Event "Niedersachsen-ch op"]
[Site "Verden"]
[Date "2009.01.05"]
[Round "6"]
[White "Markgraf, Stefan"]
[Black "Frank, Christian"]
[Result "1-0"]
[WhiteElo "2103"]
[BlackElo "1936"]
[PlyCount "105"]
[EventDate "2009.01.03"]
[EventType "swiss"]
[EventRounds "7"]
[EventCountry "GER"]
[SourceTitle "EXT 2012"]
[Source "ChessBase"]
[SourceDate "2011.11.24"]
[SourceVersion "1"]
[SourceVersionDate "2011.11.24"]
[SourceQuality "1"]

1. e4 c5 2. c3 Nf6 3. e5 Nd5 4. Bc4 e6 5. d4 cxd4 6. Bxd5 exd5 7. Qxd4 Nc6 8. Qxd5 d6 9. exd6 Bxd6 10. Bg5 Qc7 11. Nf3 0-0 12. 0-0 Bg4 13. h3 Be6 14. Qd1 h6 15. Be3 Ne7 16. Nd4 Bc4 17. Re1 Nd5 18. Nd2 Nxe3 19. Rxe3 Ba6 20. N2f3 Bf4 21. Re1 b5 22. a3 Qc5 23. Qd3 Rfe8 24. Rxe8+ Rxe8 25. Re1 Rxe1+ 26. Nxe1 Qb6 27. Qe4 Qb8 28. Nd3 Bd6 29. Nf5 Bf8 30. Qc6 Qb7 31. Nd4 Qxc6 32. Nxc6 Bc8 33. Nxa7 Bf5 34. Ne5 f6 35. g4 Be4 36. Nd7 Be7 37. Nc8 Kf7 38. Nxe7 Kxe7 39. Nc5 Bc2 40. Kf1 Kd6 41. b4 Kd5 42. Ke2 Kc4 43. Kd2 Bh7 44. h4 g5 45. hxg5 fxg5 46. a4 bxa4 47. Nxa4 Bg6 48. Nb2+ Kb5 49. Ke3 Bh7 50. Kd4 Bg6 51. Ke5 Be8 52. Kf6 Bd7 53. Kg6 1-0

[Event "Niedersachsen-ch op"]
[Site "Verden"]
[Date "2009.01.03"]
[Round "2"]
[White "Boss, Igor"]
[Black "Frank, Christian"]
[Result "1/2-1/2"]
[WhiteElo "2124"]
[BlackElo "1936"]
[PlyCount "91"]
[EventDate "2009.01.03"]
[EventType "swiss"]
[EventRounds "7"]
[EventCountry "GER"]
[SourceTitle "EXT 2012"]
[Source "ChessBase"]
[SourceDate "2011.11.24"]
[SourceVersion "1"]
[SourceVersionDate "2011.11.24"]
[SourceQuality "1"]

1. d4 Nf6 2. Bg5 e6 3. e3 c5 4. c3 cxd4 5. exd4 Be7 6. Nf3 Nd5 7. h4 h6 8. Bxe7 Qxe7 9. Bc4 Nc7 10. 0-0 b5 11. Bb3 Bb7 12. Re1 d6 13. Nbd2 Nd7 14. Ne4 Nf6 15. Ng3 Bd5 16. Bc2 0-0 17. b3 Qd7 18. Qd3 Bxf3 19. Qxf3 d5 20. Re5 Rfc8 21. Rc1 Nce8 22. Ne2 Nd6 23. g4 Nfe4 24. g5 hxg5 25. hxg5 g6 26. Bb1 Qd8 27. Qg2 b4 28. c4 Nd2 29. c5 Nxb1 30. Rxb1 Nf5 31. Qg4 Qa5 32. Rb2 Kg7 33. Ng3 Nxg3 34. fxg3 Rh8 35. Qf4 Qd8 36. Rf2 Qe7 37. Ree2 Rh5 38. Qe5+ Kg8 39. Rf6 a5 40. c6 Rc8 41. Qxd5 Qc7 42. Qf3 Rxg5 43. Kg2 Qxc6 44. Rxf7 Qxf3+ 45. Rxf3 Rd8 46. Re4 1/2-1/2

[Event "Osterode district-ch U16/18"]
[Site "Goettingen"]
[Date "2008.10.11"]
[Round "1"]
[White "Frank, Christian"]
[Black "Hawranke, Armin"]
[Result "1-0"]
[WhiteElo "1877"]
[BlackElo "1017"]
[PlyCount "103"]
[EventDate "2008.10.11"]
[EventType "swiss"]
[EventRounds "7"]
[EventCountry "GER"]
[SourceTitle "EXT 2010"]
[Source "ChessBase"]
[SourceDate "2010.11.25"]
[SourceVersion "1"]
[SourceVersionDate "2010.11.25"]
[SourceQuality "1"]

1. d4 e6 2. c4 d5 3. Nc3 c5 4. cxd5 exd5 5. dxc5 d4 6. Ne4 Bf5 7. Ng3 Bg6 8. e3 Bxc5 9. Bb5+ Nc6 10. Qa4 Nge7 11. exd4 Qxd4 12. Qxd4 Bxd4 13. N1e2 0-0 14. 0-0 a6 15. Ba4 b5 16. Bb3 Be5 17. Nf4 Rad8 18. Nxg6 Nxg6 19. Nf5 Rfe8 20. Bg5 Rd7 21. Rfe1 Kf8 22. Be3 Nd4 23. Bxd4 Bxd4 24. Red1 Red8 25. Nxd4 Rxd4 26. Rxd4 Rxd4 27. Rc1 a5 28. Rc5 a4 29. Bc2 b4 30. Bxa4 Rd2 31. Bc2 Ne5 32. h3 Nd3 33. Bxd3 Rxd3 34. Rc4 b3 35. axb3 Rxb3 36. Rc2 Ke7 37. Rd2 Ke6 38. Kf1 g5 39. Ke1 Rb5 40. Kd1 Rd5 41. Rxd5 Kxd5 42. g4 Kc4 43. Kc2 Kd4 44. b3 Ke4 45. b4 h6 46. b5 Kd5 47. Kb3 Ke5 48. Kc4 f5 49. gxf5 Kxf5 50. b6 g4 51. hxg4+ Kxg4 52. b7 1-0

[Event "GER-ch Net qual3 U18"]
[Site "Playchess.com INT"]
[Date "2008.06.08"]
[Round "1"]
[White "Frank, Christian"]
[Black "Hentze, Markus"]
[Result "0-1"]
[WhiteElo "1887"]
[BlackElo "1932"]
[PlyCount "78"]
[EventDate "2008.06.08"]
[EventType "swiss (blitz)"]
[EventRounds "7"]
[EventCountry "GER"]
[SourceTitle "CBM 124 Extra"]
[Source "ChessBase"]
[SourceDate "2008.07.03"]
[SourceVersion "1"]
[SourceVersionDate "2008.07.03"]
[SourceQuality "1"]

1. d4 Nf6 2. Nf3 g6 3. c4 d5 4. Nc3 Bg7 5. Qb3 dxc4 6. Qxc4 0-0 7. e4 Bg4 8. Be2 Nbd7 9. Be3 Nb6 10. Qb3 c6 11. 0-0 e6 12. h3 Bxf3 13. Bxf3 Qe7 14. a4 Rad8 15. a5 Nc8 16. Rfd1 Rfe8 17. Na4 e5 18. d5 cxd5 19. exd5 e4 20. Be2 Nd6 21. Bc5 Nd7 22. Bxa7 Ra8 23. Bb6 Nf5 24. Rac1 Nxb6 25. Qxb6 Rac8 26. d6 Nxd6 27. Rxc8 Nxc8 28. Qc5 Qf6 29. Bb5 Rd8 30. Rd7 Bf8 31. Rxd8 Qxd8 32. Qc4 Nd6 33. Qd5 Qf6 34. Be2 Qf4 35. b4 e3 36. Qf3 exf2+ 37. Qxf2 Qxb4 38. Nc5 Ne4 39. Qe3 Bxc5 0-1

[Event "GER-ch Net qual3 U18"]
[Site "Playchess.com INT"]
[Date "2008.06.08"]
[Round "3"]
[White "Frank, Christian"]
[Black "Kugler, Florian"]
[Result "0-1"]
[WhiteElo "1887"]
[BlackElo "1864"]
[PlyCount "60"]
[EventDate "2008.06.08"]
[EventType "swiss (blitz)"]
[EventRounds "7"]
[EventCountry "GER"]
[SourceTitle "CBM 124 Extra"]
[Source "ChessBase"]
[SourceDate "2008.07.03"]
[SourceVersion "1"]
[SourceVersionDate "2008.07.03"]
[SourceQuality "1"]

1. d4 Nf6 2. c4 e6 3. Nf3 b6 4. g3 Bb7 5. Bg2 Be7 6. 0-0 0-0 7. Nc3 Ne4 8. Qc2 Nxc3 9. Qxc3 c5 10. Rd1 d6 11. b3 Bf6 12. Bb2 Nd7 13. Qd2 Qe7 14. Rab1 Rfd8 15. Qc2 Rac8 16. e4 cxd4 17. Nxd4 Ne5 18. f4 Nc6 19. Nxc6 Bxc6 20. Ba3 Qc7 21. Rd2 Rd7 22. Rbd1 Rcd8 23. Rd3 Be7 24. Qd2 Qb7 25. Rd4 b5 26. Bxd6 Bxd6 27. Rxd6 Rxd6 28. Qxd6 Rxd6 29. Rxd6 g6 30. e5 Bxg2 0-1

[Event "GER-ch Net qual2 U18"]
[Site "Playchess.com INT"]
[Date "2008.06.04"]
[Round "1"]
[White "Zhou, Syang"]
[Black "Frank, Christian"]
[Result "0-1"]
[WhiteElo "1981"]
[BlackElo "1887"]
[PlyCount "112"]
[EventDate "2008.06.04"]
[EventType "swiss (blitz)"]
[EventRounds "7"]
[EventCountry "GER"]
[SourceTitle "CBM 124 Extra"]
[Source "ChessBase"]
[SourceDate "2008.07.03"]
[SourceVersion "1"]
[SourceVersionDate "2008.07.03"]
[SourceQuality "1"]

1. e4 c5 2. Nf3 Nc6 3. c3 Nf6 4. e5 Nd5 5. d4 cxd4 6. cxd4 e6 7. Nc3 Nxc3 8. bxc3 d6 9. exd6 Bxd6 10. Bd3 0-0 11. 0-0 e5 12. dxe5 Nxe5 13. Bg5 Nxf3+ 14. Qxf3 Qxg5 15. Rad1 Bg4 16. Qe4 Qh5 17. Qxh7+ Qxh7 18. Bxh7+ Kxh7 19. Rxd6 Rad8 20. Rxd8 Rxd8 21. f3 Be6 22. Rb1 Rd7 23. Rb2 Rc7 24. Kf2 Bd5 25. Rd2 Bc6 26. g3 Kg6 27. g4 Kf6 28. Kg3 Rd7 29. Re2 Rd3 30. Rf2 Rxc3 31. h4 b5 32. Kf4 a5 33. g5+ Kg6 34. Kg4 f5+ 35. gxf6 Kxf6 36. f4 Bd7+ 37. f5 Rc4+ 38. Kg3 Bxf5 39. Rb2 b4 40. Rd2 Rc3+ 41. Kf4 Rc4+ 42. Kg3 Rc2 43. Rd6+ Ke5 44. Rb6 Rxa2 45. Rb5+ Ke4 46. Rb7 g6 47. Re7+ Kd3 48. Kf4 b3 49. h5 gxh5 50. Kxf5 b2 51. Rb7 Kc2 52. Rc7+ Kb1 53. Ke4 Ra3 54. Rc5 Ka1 55. Rxh5 b1Q+ 56. Kd5 Qb5+ 0-1

[Event "GER-ch Net qual1 U18"]
[Site "Playchess.com INT"]
[Date "2008.06.01"]
[Round "2"]
[White "Aslan, Benjamin"]
[Black "Frank, Christian"]
[Result "1-0"]
[WhiteElo "1983"]
[BlackElo "1887"]
[PlyCount "65"]
[EventDate "2008.06.01"]
[EventType "swiss (blitz)"]
[EventRounds "7"]
[EventCountry "GER"]
[SourceTitle "CBM 124 Extra"]
[Source "ChessBase"]
[SourceDate "2008.07.03"]
[SourceVersion "1"]
[SourceVersionDate "2008.07.03"]
[SourceQuality "1"]

1. d4 Nf6 2. c4 c5 3. d5 e6 4. Nc3 exd5 5. cxd5 d6 6. Nf3 g6 7. Nd2 Bg7 8. Nc4 0-0 9. Bf4 Ne8 10. e3 a6 11. a4 Bf5 12. Be2 Nd7 13. Bxd6 Nxd6 14. Nxd6 Qa5 15. Qd2 Ne5 16. Nxf5 gxf5 17. 0-0 Rad8 18. Rfd1 Rd6 19. f4 Ng4 20. Bxg4 fxg4 21. e4 Bd4+ 22. Kh1 Re8 23. e5 Rh6 24. Ne4 Qd8 25. Nf6+ Kh8 26. d6 Re6 27. Nxg4 Qh4 28. Nxh6 Rxh6 29. h3 Qg3 30. Ra3 Qg6 31. f5 Qg7 32. d7 Qf8 33. Qxh6 1-0

[Event "GER-ch Net qual1 U18"]
[Site "Playchess.com INT"]
[Date "2008.06.01"]
[Round "1"]
[White "Frank, Christian"]
[Black "Wittenberg, Andreas"]
[Result "0-1"]
[WhiteElo "1887"]
[BlackElo "2002"]
[PlyCount "40"]
[EventDate "2008.06.01"]
[EventType "swiss (blitz)"]
[EventRounds "7"]
[EventCountry "GER"]
[SourceTitle "CBM 124 Extra"]
[Source "ChessBase"]
[SourceDate "2008.07.03"]
[SourceVersion "1"]
[SourceVersionDate "2008.07.03"]
[SourceQuality "1"]

1. d4 Nf6 2. c4 e6 3. Nc3 Bb4 4. e3 b6 5. Nge2 Bb7 6. a3 Bxc3+ 7. Nxc3 d6 8. Bd3 Nbd7 9. 0-0 0-0 10. b4 c5 11. Re1 Qe7 12. Rb1 Rab8 13. Bc2 d5 14. bxc5 bxc5 15. Qe2 cxd4 16. exd4 dxc4 17. Qxc4 Rfc8 18. Qd3 Qd6 19. Nb5 Qc6 20. Bf4 Qxg2# 0-1

[Event "Niedersachsen-ch U16"]
[Site "Rotenburg"]
[Date "2008.03.20"]
[Round "9"]
[White "Frank, Christian"]
[Black "Kyas, Marcel"]
[Result "1/2-1/2"]
[WhiteElo "1802"]
[BlackElo "1986"]
[PlyCount "30"]
[EventDate "2008.03.15"]
[EventType "swiss"]
[EventRounds "9"]
[EventCountry "GER"]
[SourceTitle "EXT 2009"]
[Source "ChessBase"]
[SourceDate "2008.11.26"]
[SourceVersion "1"]
[SourceVersionDate "2008.11.26"]
[SourceQuality "1"]

1. d4 Nf6 2. Nf3 e6 3. c4 b6 4. g3 Ba6 5. Qc2 Bb7 6. Bg2 c5 7. 0-0 Nc6 8. e3 Be7 9. a3 d5 10. Rd1 Qc7 11. Nc3 Rd8 12. b3 dxc4 13. bxc4 cxd4 14. Nb5 Qc8 15. Qa4 0-0 1/2-1/2

[Event "Niedersachsen-ch"]
[Site "Verden"]
[Date "2008.01.05"]
[Round "6"]
[White "Frank, Christian"]
[Black "Krneta, Slavko"]
[Result "0-1"]
[WhiteElo "1818"]
[BlackElo "1767"]
[PlyCount "50"]
[EventDate "2008.01.03"]
[EventType "swiss"]
[EventRounds "7"]
[EventCountry "GER"]
[SourceTitle "EXT 2010"]
[Source "ChessBase"]
[SourceDate "2010.11.25"]
[SourceVersion "1"]
[SourceVersionDate "2010.11.25"]
[SourceQuality "1"]

1. Nf3 e6 2. d4 d5 3. c4 dxc4 4. e3 c5 5. Bxc4 cxd4 6. exd4 Nf6 7. 0-0 Bd6 8. Bg5 0-0 9. Nc3 Be7 10. Re1 Nbd7 11. Rc1 a6 12. Bd3 b5 13. Bb1 Bb7 14. Qd3 Re8 15. Nd2 h6 16. Bh4 g6 17. Re3 Nd5 18. Bxe7 Nxe7 19. Nde4 Nf5 20. Rh3 Nf6 21. Nc5 Bc6 22. Ne2 Qd5 23. Nf4 Qxd4 24. Qxd4 Nxd4 25. Rxh6 e5 0-1

[Event "Niedersachsen-ch U16"]
[Site "Northeim"]
[Date "2007.10.22"]
[Round "5"]
[White "Frank, Christian"]
[Black "Kaiser, Jonas"]
[Result "1-0"]
[WhiteElo "1798"]
[BlackElo "1623"]
[PlyCount "51"]
[EventDate "2007.10.20"]
[EventType "swiss"]
[EventRounds "7"]
[EventCountry "GER"]
[SourceTitle "EXT 2010"]
[Source "ChessBase"]
[SourceDate "2010.11.25"]
[SourceVersion "1"]
[SourceVersionDate "2010.11.25"]
[SourceQuality "1"]

1. Nf3 d5 2. d4 e6 3. Bg5 Nf6 4. e3 Be7 5. Bd3 0-0 6. 0-0 Nc6 7. Nbd2 b6 8. c3 Bb7 9. Ne5 Nxe5 10. dxe5 Nd7 11. Bxe7 Qxe7 12. f4 Qh4 13. Rf3 Qg4 14. Bxh7+ Kh8 15. Bc2 Kg8 16. Bh7+ Kh8 17. Rh3 Qxd1+ 18. Rxd1 c5 19. Nf3 Rfd8 20. Ng5 Rf8 21. Rh4 Nb8 22. Rf1 Nc6 23. Rf3 Ne7 24. Rfh3 Ng8 25. Bxg8+ Kxg8 26. Rh8# 1-0